000 00818nam a2200193 i 4500
001 82501
003 ES-MaACL
005 20230906174701.0
007 t|
008 041110s1985 sp ||||1| spa d
080 _a308-055.2(460)(063)
245 0 0 _aInforme presentado por España a la Conferencia Mundial del Decenio de las Naciones Unidas para la Mujer :
_b(Nairobi-Kenya, 16-26 de julio de 1985) /
_c[elaborado por el Instituto de la Mujer].
260 _aMadrid :
_bInstituto de la Mujer,
_c1985.
300 _a94 p. ;
_c30 cm.
650 4 _aMujeres-
_zEspaña-
_ySituación social-
_vCongresos y asambleas.
_915285
710 2 _aInstituto de la Mujer (España)
_94980
711 2 _aConferencia Mundial del Decenio de las Naciones Unidas para la Mujer (
_d1985.
_cNairobi-Kenya)
_9215
852 4 _aES-MaACL
_jL-8479
999 _c82501
_d82501